Shāʻir min Lībyā. (Record no. 50336)

MARC details
000 -LEADER
fixed length control field 00531cam a22002051 4500
001 - CONTROL NUMBER
control field ne 68001607
003 - CONTROL NUMBER IDENTIFIER
control field DLC
005 - DATE AND TIME OF LATEST TRANSACTION
control field 20260227111841.0
008 - FIXED-LENGTH DATA ELEMENTS--GENERAL INFORMATION
fixed length control field 890227s1957 xx 000 0 ara
010 ## - LIBRARY OF CONGRESS CONTROL NUMBER
LC control number ne 68001607
035 ## - SYSTEM CONTROL NUMBER
System control number (OCoLC)23482750
040 ## - CATALOGING SOURCE
Original cataloging agency DLC
Transcribing agency MiU
Modifying agency DLC
042 ## - AUTHENTICATION CODE
Authentication code premarc
050 00 - LIBRARY OF CONGRESS CALL NUMBER
Classification number PJ7866.M3
Item number Z7
100 1# - MAIN ENTRY--PERSONAL NAME
Personal name Miṣrātī, ʻAlī Muṣṭafá.
245 10 - TITLE STATEMENT
Title Shāʻir min Lībyā.
260 ## - PUBLICATION, DISTRIBUTION, ETC.
Date of publication, distribution, etc. [1957]
300 ## - PHYSICAL DESCRIPTION
Extent 244 p.
Other physical details ports.
Dimensions 21 cm.
600 10 - SUBJECT ADDED ENTRY--PERSONAL NAME
Personal name ʻUmar, Ibrāhīm al-Usṭā,
Dates associated with a name 1907-1950.

No items available.

Powered by Koha